| 000 | 00732pam a2200277 a 4500 | ||
|---|---|---|---|
| 999 |
_c4790 _d4790 |
||
| 001 | 4790 | ||
| 003 | BD-JhCC | ||
| 005 | 20171203172853.0 | ||
| 008 | 861030s1987 caua b 001 0 eng | ||
| 020 | _a0534079385 | ||
| 035 | _a(BD-JhCC) | ||
| 040 |
_aDLC _cDLC _dDLC |
||
| 041 | _aeng | ||
| 050 | 0 | 0 |
_aQB45 _b.H32 1987 |
| 082 | 0 | 0 |
_a520 _219 _bHAR 1987 |
| 100 | 1 | _aHartmann, William K. | |
| 245 | 1 | 0 |
_aAstronomy, the cosmic journey / _cWilliam K. Hartmann. |
| 250 | _a1987 ed. | ||
| 260 |
_aBelmont, Calif. : _bWadsworth Pub. Co., _c1987. |
||
| 300 |
_axxiii, 548 p. : _bill. ; _c28 cm. |
||
| 500 | _aIncludes index. | ||
| 504 | _aBibliography: p. 523-534. | ||
| 650 | 0 | _aAstronomy. | |
| 942 |
_2ddc _cBK |
||